000 00853nam a2200253Ia 4500
003 GCL
008 140319s9999 xx 000 0 ara d
040 _aGCL /
_cGCL
082 0 4 _a953.09
_bس ا
100 1 _aسعيد احمد برجاوى
245 1 0 _aالامبراطورية العثمانية تاريخها السياسى والعسكرى /
_cسعيد احمد برجاوى
260 _a[S.N] :
_bالاهلية للنشر والتوزيع ،
_c1993
300 _a335ص
490 _a
650 0 4 _aمصر
650 0 4 _aالاحوال الاجتماعية
650 0 4 _aالاحوال السياسية
650 0 4 _aالعلاقات الخارجية
650 0 4 _aتركيا
650 0 4 _aبلاد الشام
650 0 4 _aالامبراطورية العثمانية
650 0 4 _aالملوك والحكام
942 _2ddc
_cBK
999 _c57844
_d57844